The dear-bought heritage.

Saved in:
Bibliographic Details
Main Author: Leonard, Eugenie Andruss, 1888-
Format: Book
Language:English
Published: Philadelphia, University of Pennsylvania Press [1965]
Subjects:
LEADER 00988nam a2200265 4500
001 c000128699
003 CARM
005 00000000000000.0
008 s1965 pauahc b 00100 eng
019 1 |a 1050934  |5 LACONCORD2021 
035 |a (OCoLC)3918526  |5 LACONCORD2021 
040 |c Wa 
043 |a n-us--- 
050 0 0 |a E162  |b .L4 1965 
100 1 |a Leonard, Eugenie Andruss,  |d 1888- 
245 1 4 |a The dear-bought heritage.  |c Foreword by Margaret Chase Smith. 
260 |a Philadelphia,  |b University of Pennsylvania Press  |c [1965] 
300 |a 658 p.  |b illus., facsim., ports.  |c 22 cm. 
504 |a Bibliography: p. 615-640. 
650 0 |a Women  |z United States. 
651 0 |a United States  |x Social life and customs  |y To 1775. 
852 8 |b CARM  |h A2:AF22C0  |i B01596  |p 0071223  |f BK 
082 0 4 |a 917.3032 
999 f f |i 1a1b0750-9fee-5e7e-ad02-4ad399ddd862  |s 7931c812-40b8-5d8b-b621-f414f8e10512 
952 f f |p Can circulate  |a CAVAL  |b CAVAL  |c CAVAL  |d CARM 1 Store  |e B01596  |f A2:AF22C0  |h Other scheme  |i book  |m 0071223